Statystyki dla Największe miasta Prus Królewskich

Kliknij tutaj aby rozwiązać quiz!

Ogólne statystyki

  • Ten quiz został rozwiązany 73 razy
  • Średni wynik to 10 z 20

Statystyki odpowiedzi

HintOdpowiedź% Poprawnych
470907Gdańsk
89%
119317Elbląg
87%
171979Olsztyn
84%
246348Gdynia
81%
201447Toruń
76%
38345Malbork
75%
35719Sopot
70%
49505Wejherowo
52%
94368Grudziądz
51%
59951Tczew
49%
47671Starogard Gdański
37%
39804Chojnice
35%
49230Rumia
35%
19510Chełmno
32%
26307Reda
30%
23742Kościerzyna
27%
31326Pruszcz Gdański
27%
16992Braniewo
24%
28880Brodnica
22%
25634Świecie
21%

Rozkład punktacji

Percentyl według liczby udzielonych odpowiedzi

Procent ludzi z każdym wynikiem

Twoja historia wyników

Nie rozwiązałeś tego quizu